| 000 | 01079nam a2200265Ia 4500 | ||
|---|---|---|---|
| 003 | OSt | ||
| 005 | 20221005104302.0 | ||
| 006 | a|||||r|||| 00| 0 | ||
| 007 | ta | ||
| 008 | 221004b |||||||| |||| 00| 0 san d | ||
| 020 |
_a97877023497 (hbk) _c1195 |
||
| 024 | _a14896 | ||
| 037 |
_b48, 30/10/2014, Mallika Books _cTextual |
||
| 040 |
_aCRL _cCRL _bsan |
||
| 041 |
_2san _asan |
||
| 082 | _aO15,1(V):g, 152Q4 | ||
| 100 | _aद्विवेदी, प्रह्नाद | ||
| 245 | 0 | _aसंस्कृत के ऐतिहासिक महाकाव्य एवं विक्रमाšदेवचरित | |
| 246 | _aSanskṛut ke aitihāsik mahākāvya evan vikramāšdevacharita | ||
| 260 |
_aदिल्ली _bप्रतिभा प्रकाशन भारत _c2014 |
||
| 300 |
_a384पृ0 _ccm. |
||
| 650 | _aसंस्कृत साहित्य | ||
| 942 |
_hO15,1(V):g, 152Q4 _cTEXL _2cc |
||
| 999 |
_c1012271 _d1012271 |
||